000 00292nam a2200109 a 4500
005 20200930073733.0
008 111005s2008 000 spa d
020 _a9788991913370
245 0 _aDiamond dilemma : shaping Korea for the 21st century.
260 _aKorea,
_c2008.
999 _c33992
_d33992
040 _aDO-SdBNP